<?xml version="1.0" encoding="UTF-8"?>
<marc:record xmlns:marc="http://www.loc.gov/MARC21/slim">
   <marc:leader>00000nam a2200000 a 4500</marc:leader>
   <marc:datafield ind1="1" ind2=" " tag="100">
      <marc:subfield code="a">Adorf, Mario</marc:subfield>
      <marc:subfield code="4">ctb</marc:subfield>
      <marc:subfield code="e">Mitwirkende/-r</marc:subfield>
   </marc:datafield>
   <marc:datafield ind1="1" ind2=" " tag="100">
      <marc:subfield code="a">Maupassant, Guy de</marc:subfield>
      <marc:subfield code="4">ctb</marc:subfield>
      <marc:subfield code="e">Mitwirkende/-r</marc:subfield>
   </marc:datafield>
   <marc:datafield ind1="0" ind2="0" tag="245">
      <marc:subfield code="a">Unter den Olivenbäumen</marc:subfield>
   </marc:datafield>
   <marc:datafield ind1="0" ind2="0" tag="245">
      <marc:subfield code="c">Süddeutsche Zeitung. Regie und Produktion: Torsten Feuerstein</marc:subfield>
   </marc:datafield>
   <marc:datafield ind1=" " ind2="1" tag="264">
      <marc:subfield code="a">München</marc:subfield>
      <marc:subfield code="b">Süddeutsche Zeitung</marc:subfield>
      <marc:subfield code="c">2006</marc:subfield>
   </marc:datafield>
   <marc:datafield ind1="1" ind2=" " tag="520">
      <marc:subfield code="a">Angaben aus der Verlagsmeldung

Süddeutsche Zeitung Bibliothek der Erzähler. Gesamtbox - Unter den Olivenbäumen : Mario Adorf liest Maupassant / von Guy de Maupassant

Guy de Maupassant beschreibt in seiner Erzählung „Unter den Olivenbäumen“ die Beziehung eines Geistlichen und dessen unehelichen Sohns. Der Sohn, auf die schiefe Bahn geraten, lernt seinen Vater erst spät kennen und will für sein Schweigen großzügig belohnt werden. Der Vater, der sich gezwungen fühlt auf diesen Handel einzugehen, wird nebst dem verlorenen Sohn in einer Gewitternacht tot in seinem Zimmer aufgefunden ...
</marc:subfield>
   </marc:datafield>
   <marc:datafield ind1=" " ind2=" " tag="020">
      <marc:subfield code="a">9783866153677</marc:subfield>
      <marc:subfield code="9">9783866153677</marc:subfield>
   </marc:datafield>
   <marc:datafield ind1=" " ind2=" " tag="020">
      <marc:subfield code="a">3866153678</marc:subfield>
      <marc:subfield code="9">3866153678</marc:subfield>
   </marc:datafield>
   <marc:datafield ind1=" " ind2=" " tag="300">
      <marc:subfield code="a">1 CD</marc:subfield>
   </marc:datafield>
</marc:record>
